000 00654nam a2200217 a 4500
001 71287
003 BD-RjUL
005 20211209082110.0
008 170430r19661955enka 001 0 eng d
035 _a(BD-RjUL)71503
040 _aBD-RjUL
_beng
_cBD-RjUL
041 _aeng
082 _a535.47
_223
_bTOI 1966
100 1 _aTolansky, S.
_q(Samuel),
_d1907-1973.
_9210946
245 1 3 _aAn introduction to interferometry /
_cby S. Tolansky.
260 _aLondon :
_bLongmans, Green,
_c1955, [Impression 1966]
300 _aviii, 223 p. :
_bill. ;
_c22 cm.
504 _aIncludes Bibliographyindex.
650 0 _aInterferometry.
_9159149
942 _2ddc
_cBK
999 _c71287
_d71287